Journal of corporate finance

Guardado en:
Detalles Bibliográficos
Formato: Seriadas
Lenguaje:inglés
Publicado: Amsterdam Elsevier Science 2014
Materias:
Etiquetas: Agregar Etiqueta
Sin Etiquetas, Sea el primero en etiquetar este registro!

MARC

LEADER 00000nas2a2200000 4500
001 0252032
005 20190315084319.2
022 |a 0929-1199 
041 0 |a eng 
044 |a NL 
245 1 0 |a Journal of corporate finance 
264 1 |a Amsterdam  |b Elsevier Science  |c 2014 
773 0 |w eu_un_cat*s120121 
610 2 0 |a právo 
610 2 0 |a podnik 
610 2 0 |a zmluvy 
610 2 0 |a účtovníctvo 
610 2 0 |a financie podnikové 
610 2 0 |a hospodárstvo podniku finančné